Normal view
MARC view
Entry Topical Term
001 - CONTROL NUMBER
- control field: 72342
003 - CONTROL NUMBER IDENTIFIER
- control field: dpl
005 - DATE AND TIME OF LATEST TRANSACTION
- control field: 20241003163920.0
008 - FIXED-LENGTH DATA ELEMENTS
- fixed length control field: 241003|| aca||aabn | a|a d
040 ## - CATALOGING SOURCE
- Original cataloging agency: dpl
- Transcribing agency: dpl
150 ## - HEADING--TOPICAL TERM
- Topical term or geographic name as entry element: Early childhood - care
670 ## - SOURCE DATA FOUND
- Source citation: Work cat.: (dpl)206085: Khandekar, Vanita Kohli 72341, The Indian Media Business:, 2021
